=LDR 00000nam 2200000 4500 =001 INLIS000000000037320 =005 20210111085833 =035 ##$$a 0010-061300000037320 =008 210111################g##########0#ind## =041 ##$$a Ind =082 ##$$a 332.46 =090 ##$$a 332.46, Wid m =100 ##$$a Widoatmodjo, Sawidji =245 1#$$a Mencari kebenaran objektif dampak sistematik Bank Century : $b Kajian teoritis dan empiris /$c Sawidji Widoatmodjo; Editor, Rayendra L Toruan =260 ##$$a Jakarta :$b Elex Media Komputindo,$c 2010 =300 ##$$a xv,162 hlm ; $c 23 x 15 cm =650 #4$$a Politik Moneter =700 #$$a Toruan, Rayendra L =850 ##$$a NBPNMAT =020 ##$$a 978-979-27-78960 =084 ##$$a 332.46 WID m =250 ##$$a cet.1 =990 ##$$a 21103768 =990 ##$$a 21103769 =990 ##$$a 21103770